| 000 | 00398nam a22001577a 4500 | ||
|---|---|---|---|
| 003 | NUST - PNEC | ||
| 005 | 20170116181143.0 | ||
| 008 | 151007b xxu||||| |||| 00| 0 eng d | ||
| 040 | _cLIBRARY | ||
| 082 | _a891.4391 IQB | ||
| 100 |
_99752 _aIqbal, Allama Mohammad |
||
| 245 |
_aPayam e Mashriq _cAllama Mohammad Iqbal |
||
| 260 | _c1989 | ||
| 650 |
_914065 _aPoetry _xGeneral |
||
| 942 |
_2ddc _cBK |
||
| 999 |
_c70590 _d70590 |
||